000 00727nam a2200229 a 4500
005 20151110100437.0
008 140317b2001 sz ||||| |||| 00| 0 spa d
040 _aCO-BoIAVH
_cCO-BoIAVH
041 _aspa
044 _asz
090 _aLB
_b04189
100 _aVivas Eugui, David
_920323
245 _aManual explicativo sobre mecanismos para la protección del conocimiento tradicional de las comunidades indígenas en la región Andina
260 _aGinebra
_bUNCTAD
_c2001
300 _a33 p.
650 _aConocimiento Tradicional
_941271
650 _acomunidades Indigenas
_941272
650 _aPropiedad Intelectual
_941273
700 _aRuíz Muller, Manuel
_919026
942 _cINFORME
_2z
945 _d2005-07-19
999 _c4692
_d4692